Coaching : el método para mejorar el rendimiento de las personas /

Guardado en:
Autor Principal: Whitmore, John, 1937-2017.
Formato: Libro
Idioma:Spanish
English
Publicado: Buenos Aires : Paidós, 2006.
Edición:[ed. revisada y ampliada].
Series:Paidós empresa ; 101.
Materias:
Etiquetas: Agregar Etiqueta
Sin Etiquetas, Sea el primero en etiquetar este registro!
LEADER 00911nam a22002535a 4500
001 EAD.ead004292
008 181101s2006####ag#######b####000#0#spa#d
005 20190607112625.0
245 1 0 |a Coaching :  |b el método para mejorar el rendimiento de las personas /  |c John Whitmore. 
250 |a [ed. revisada y ampliada]. 
260 |a Buenos Aires :  |b Paidós,  |c 2006. 
300 |a [190] p ;  |c 22 cm. 
490 1 |a Paidós empresa ;  |v 101 
500 |a Traducción de Coaching for perfomance. Growing people, perfomance and purpose, 3r ed. 
504 |a Incluye referencias bibliográficas. 
020 |a 9789501211016 
100 1 |a Whitmore, John,  |d 1937-2017. 
830 0 |a Paidós empresa ;  |v 101. 
082 0 4 |a 658.3124  |2 21 
653 |a Coaching 
650 7 |a Rendimiento profesional.  |2 unbist 
653 |a Lectura recreativa 
041 1 |a spa  |h eng 
859 |a AR-BaBDC  |b BIB. ADMINISTRACION - Libros  |h 658.3124  |i W597  |p b06908